Language Quiz

Random Language or Latin Quiz

Latin: Panis Angelicus Quiz Stats

 Plays Quiz not verified by Sporcle

Challenge
Share
Tweet
Embed
Score 0/42 Timer 08:00
0 Plays Today
% Correct
et
95.5%
Panis
72.7%
panis
72.7%
panis
72.7%
angelicus
68.2%
O
68.2%
res
59.1%
mirabilis:
59.1%
fit
54.5%
manducat
54.5%
Dominum
54.5%
pauper,
54.5%
servus
54.5%
humilis.
54.5%
hominum;
50%
figuris
50%
terminum;
50%
caelicus
40.9%
Te,
40.9%
te
40.9%
sic
22.7%
% Correct
trina
18.2%
Deitas
18.2%
unaque,
18.2%
sicut
18.2%
per
18.2%
poscimus:
13.6%
nos
13.6%
tu
13.6%
visita,
13.6%
colimus;
13.6%
tuas
13.6%
semitas
13.6%
duc
13.6%
nos
13.6%
quo
13.6%
tendimus;
13.6%
ad
13.6%
lucem
13.6%
quam
13.6%
inhabitas.
13.6%
dit
4.5%

You're not logged in!

Compare scores with friends on all Sporcle quizzes.
Join for Free
OR
Log In

You Might Also Like...

Show Comments

Extras

Top Quizzes Today


Score Distribution

Your Account Isn't Verified!

In order to create a playlist on Sporcle, you need to verify the email address you used during registration. Go to your Sporcle Settings to finish the process.

Report this User

Report this user for behavior that violates our Community Guidelines.

Details: